000
00313nam a22001337a 4500
008
181008b xxu||||| |||| 00| 0 eng d
020
_a
9780023368813
041
_a
eng
080
_a
621
100
_a
27
101
_a
MAK
245
_a
Manufacturing Processes For Technology
_c
William .O,F
942
_2
udc
_c
BK
999
_c
49016
_d
49016